Documentos
Presenta los documentos de trabajo, los informes de las comisiones y otros aspectos relativos al primer Congreso Nacional de Educación de Adultos de Nicaragua, celebrado en junio de 1981 - Señala que el congreso, además de posibilitar el intercambio de experiencias y su enriquecimiento, tuvo un cará...
Gespeichert in:
| Körperschaft: | |
|---|---|
| Format: | Text |
| Veröffentlicht: |
Managua:
Ministerio de Educación
|
| Tags: |
Tag hinzufügen
Keine Tags, Fügen Sie den ersten Tag hinzu!
|
MARC
| LEADER | 00000 a a2200000 04500 | ||
|---|---|---|---|
| 001 | 20611 | ||
| 003 | |||
| 040 | |a CRAI/IIS |c CRAI/IIS | ||
| 090 | |a 087000 | ||
| 110 | |a Nicaragua. Ministerio de Educación Pública | ||
| 245 | |a Documentos | ||
| 260 | |a Managua: |b Ministerio de Educación | ||
| 300 | |a 179 p. | ||
| 520 | |a Presenta los documentos de trabajo, los informes de las comisiones y otros aspectos relativos al primer Congreso Nacional de Educación de Adultos de Nicaragua, celebrado en junio de 1981 - Señala que el congreso, además de posibilitar el intercambio de experiencias y su enriquecimiento, tuvo un carácter evaluativo puesto que se determinó la marcha de la educación popular básica en todos sus niveles y aspectos. Hace un balance critico de los logros alcanzados y de las dificultades y deficiencias encontradas en los programas, y propone medidas correctivas expone los informes de las comisiones que fueron las siguientes: técnico pedagógica, técnico administrativa, y de coordinación nacional | ||
| 999 | |c 7181 |d 7181 | ||
